DRUG INTERACTIONS MONOGRAPHS 1996 (Record no. 15884)

MARC details
000 -LEADER
fixed length control field 00430nam a22001697a 4500
003 - CONTROL NUMBER IDENTIFIER
control field OSt
005 - DATE AND TIME OF LATEST TRANSACTION
control field 20211029144705.0
008 - FIXED-LENGTH DATA ELEMENTS--GENERAL INFORMATION
fixed length control field 211029b |||||||| |||| 00| 0 eng d
020 ## - INTERNATIONAL STANDARD BOOK NUMBER
International Standard Book Number 0-915486-29-6
040 ## - CATALOGING SOURCE
Original cataloging agency DDC
Transcribing agency HU
082 ## - DEWEY DECIMAL CLASSIFICATION NUMBER
Edition number 1ST
Classification number 615
Item number 5
100 ## - MAIN ENTRY--PERSONAL NAME
Personal name PHILIP D. HANSTEN
9 (RLIN) 16317
245 ## - TITLE STATEMENT
Title DRUG INTERACTIONS MONOGRAPHS 1996
250 ## - EDITION STATEMENT
Edition statement 1ST
260 ## - PUBLICATION, DISTRIBUTION, ETC.
Place of publication, distribution, etc. VANCOUVER
Name of publisher, distributor, etc. APPLIED THERAPEUTICS
Date of publication, distribution, etc. 1996
942 ## - ADDED ENTRY ELEMENTS (KOHA)
Source of classification or shelving scheme Dewey Decimal Classification
Koha item type Books like text book referance book
Suppress in OPAC No
Holdings
Withdrawn status Lost status Source of classification or shelving scheme Damaged status Not for loan Home library Current library Date acquired Total Checkouts Full call number Barcode Date last seen Copy number Price effective from Koha item type
    Dewey Decimal Classification     College of Medicine and Health’s Sciences Library College of Medicine and Health’s Sciences Library 10/29/2021   615-H3-1996 CMHSL00004134 10/29/2021 1 10/29/2021 Books like text book referance book
    Dewey Decimal Classification     College of Medicine and Health’s Sciences Library College of Medicine and Health’s Sciences Library 10/29/2021   615-H3-1996 CMHSL00004135 10/29/2021 2 10/29/2021 Books like text book referance book
    Dewey Decimal Classification     College of Medicine and Health’s Sciences Library College of Medicine and Health’s Sciences Library 10/29/2021   615-H3-1996 CMHSL00004136 10/29/2021 3 10/29/2021 Books like text book referance book
    Dewey Decimal Classification     College of Medicine and Health’s Sciences Library College of Medicine and Health’s Sciences Library 10/29/2021   615-H3-1996 CMHSL00004137 10/29/2021 4 10/29/2021 Books like text book referance book
    Dewey Decimal Classification     College of Medicine and Health’s Sciences Library College of Medicine and Health’s Sciences Library 10/29/2021   615-H3-1996 CMHSL00004138 10/29/2021 5 10/29/2021 Books like text book referance book